| 000 | 00438nam a22001457a 4500 | ||
|---|---|---|---|
| 005 | 20150820100847.0 | ||
| 008 | 150820b xxu||||| |||| 00| 0 eng d | ||
| 040 | _cPK-LaUMT | ||
| 082 |
_aKHC 954.918 _bMAH-H |
||
| 100 | _aMahmudul Hasan Siddiqi | ||
| 245 |
_aHistory of the arghuns and tarkhans of sind (1507-1593) _cMahmudul Hasan Siddiqi |
||
| 260 |
_aSind _bInstitute of sindhology university _c1972 |
||
| 300 | _a298 p. | ||
| 942 | _cBK | ||
| 999 |
_c74409 _d74409 |
||